| 000 | 00925nam a2200349 a 4500 | ||
|---|---|---|---|
| 003 | AR-BaBNM | ||
| 005 | 20251128202737.0 | ||
| 008 | 082120s2002 ||||||||||||||000 | spa|| | ||
| 020 | _a84-7100-572-7 | ||
| 040 | _cAR-BaBNM | ||
| 100 | 1 | _aYanaguida, Toshio | |
| 245 | 0 | 0 | _aJaponeses en América |
| 250 | _a1ª ed. | ||
| 260 |
_aMadrid _bMapfre _c1992 |
||
| 300 |
_a348 p. _bmapas, tablas |
||
| 490 | 0 |
_aAmérica crisol _vv. 5 |
|
| 500 | _aApéndices para consultar p. 317-338. | ||
| 650 | 4 | _aRELIGION | |
| 650 | 4 | _aSOCIEDAD | |
| 650 | 4 | _aRELACIONES RACIALES | |
| 650 | 4 | _aHISTORIA SOCIAL | |
| 650 | 4 | _aHISTORIA POLITICA | |
| 650 | 4 | _aHISTORIA DE LAS COSTUMBRES | |
| 650 | 4 | _aGUERRA | |
| 651 | 4 | _aJapón | |
| 651 | 4 | _aEstados Unidos | |
| 651 | 4 | _aAmérica Latina | |
| 700 | 1 | _aRodríguez del Alisal, María Dolores | |
| 800 | 1 |
_aGallego, José Andrés _ecoordinador |
|
| 942 | _cBK | ||
| 998 | _cmariana | ||
| 999 |
_c367 _d367 |
||